Populismo, cultura política y vida cotidiana en Ecuador: el caso de Abdalá Bucaram /
Salvato in:
| Autore principale: | |
|---|---|
| Natura: | testo |
| Tags: |
Aggiungi Tag
Nessun Tag, puoi essere il primo ad aggiungerne!!
|
MARC
| LEADER | 00000 a a2200000 04500 | ||
|---|---|---|---|
| 001 | 47585 | ||
| 003 | |||
| 040 | |||
| 100 | |a Torre, Carlos de la | ||
| 245 | |a Populismo, cultura política y vida cotidiana en Ecuador: |b el caso de Abdalá Bucaram / |c Carlos de la Torre | ||
| 246 | |a Neopopulismo y democracia: |b estudios andinos | ||
| 773 | |a número96, (1997), páginas 25-45 | ||
| 999 | |c 24326 |d 24326 | ||
